000 00571nam a22002297a 4500
003 UA-OsUOA
001 18570
007 ta
008 20040211b un ||||| |||| 00| 0 ukr d
100 _aПастушок В.
090 _bП-196
942 _cBK
040 _aUA-OsUOA
_bukr
_cUA-OsUOA
_dUA-OsUOA
245 _aУ нетрях сталінськго ГУЛАГу
_bСпогади
300 _a27 с.
955 _a0
041 _aukr
591 _a63.3(4Укр-4Рів)
260 _aРівне
_bАзалія
_c2003
044 _aUA
650 7 _aГулаг
_2UDC
999 _c304741
_d304741